Circuitos electrónicos
Збережено в:
| Автор: | |
|---|---|
| Формат: | Книга |
| Мова: | Іспанська |
| Опубліковано: |
Valparaíso
Universidad Católica de Valparaíso
1998
|
| Предмети: | |
| Теги: |
Додати тег
Немає тегів, Будьте першим, хто поставить тег для цього запису!
|
MARC
| LEADER | 00000nam a2200000 a 4500 | ||
|---|---|---|---|
| 001 | UCP5605 | ||
| 003 | CL-VaPUC | ||
| 008 | 990927e19980000CL |||||||||||||||||spa|d | ||
| 082 | 0 | 4 | |a 621.381 |b ZAZ |2 21 |
| 100 | 0 | |a Zazópulos del Fierro, Jorge |e author |9 434098 | |
| 245 | 1 | 0 | |a Circuitos electrónicos |
| 300 | |a p. irreg | ||
| 942 | |c BK | ||
| 945 | |d 19990927 00:00:00 |a rbrito | ||
| 260 | |a Valparaíso |b Universidad Católica de Valparaíso |c 1998 | ||
| 650 | 0 | |a Circuitos electrónicos |9 260204 | |
| 650 | 7 | |a FUNCIONES DE RED |2 CL-VaPUC |9 434099 | |
| 650 | 0 | |a Amplificadores |9 338119 | |
| 650 | 7 | |a OSCILADORES |2 CL-VaPUC |9 345821 | |
| 650 | 0 | |a Análisis de circuitos |9 333503 | |
| 583 | |a last modification |c 19990927 00:00:00 |k Rodrigo Vera | ||
| 999 | |c 283322 |d 283320 | ||
| 952 | |0 0 |1 0 |2 ddc |4 0 |6 621_381000000000000_ZAZ_1998 |7 0 |8 A |9 326296 |a BIBING |b BIBING |c RES |d 2019-11-20 |i 3558460 |l 2 |o 621.381 ZAZ 1998 |p 3558460 |r 2025-01-20 |s 2024-05-06 |w 2019-11-20 |y BK |k EIE | ||
| 952 | |0 0 |1 0 |2 ddc |4 0 |6 621_381000000000000_ZAZ_1998 |7 0 |8 A |9 326297 |a BIBING |b BIBING |c RES |d 2019-11-20 |i 3558479 |o 621.381 ZAZ 1998 |p 3558479 |r 2025-01-20 |w 2019-11-20 |y BK |k EIE | ||